Finite Mixture Distributions (Record no. 52985)
[ view plain ]
| 000 -LEADER | |
|---|---|
| fixed length control field | 01426nam a2200397 a 4500 |
| 001 - CONTROL NUMBER | |
| control field | 52985 |
| 003 - CONTROL NUMBER IDENTIFIER | |
| rucl marc code | BD-RjUL |
| 005 - DATE AND TIME OF LATEST TRANSACTION | |
| control field | 20211209075906.0 |
| 008 - FIXED-LENGTH DATA ELEMENTS--GENERAL INFORMATION | |
| fixed length control field | 161002s1981 enk| s |||1 0|eng d |
| 020 ## - INTERNATIONAL STANDARD BOOK NUMBER | |
| International Standard Book Number | 9789400958975 |
| International Standard Book Number | 9789400958999 (print) |
| 035 ## - SYSTEM CONTROL NUMBER | |
| System control number | (BD-RjUL)53105 |
| 040 ## - CATALOGING SOURCE | |
| Modifying agency | WaSeSS |
| Original cataloging agency | BD-RjUL |
| Language of cataloging | eng |
| Transcribing agency | BD-RjUL |
| 041 ## - LANGUAGE CODE | |
| Language code of text/sound track or separate title | eng |
| 072 #7 - SUBJECT CATEGORY CODE | |
| Subject category code | YQS |
| Source | bicssc |
| Subject category code | SCI000000 |
| Source | bisacsh |
| 082 04 - DEWEY DECIMAL CLASSIFICATION NUMBER | |
| Classification number | 519.532 |
| Edition number | 23 |
| Author mark and year | EVF 1981 |
| 100 1# - MAIN ENTRY--PERSONAL NAME | |
| Personal name | Everitt, B. S. |
| 9 (RLIN) | 158375 |
| 245 10 - TITLE STATEMENT | |
| Title | Finite Mixture Distributions |
| Statement of responsibility, etc. | by B. S. Everitt, D. J. Hand. |
| 260 ## - PUBLICATION, DISTRIBUTION, ETC. (IMPRINT) | |
| Place of publication, distribution, etc. | London : |
| Name of publisher, distributor, etc. | Chapman and Hall, |
| Date of publication, distribution, etc. | c1981. |
| 300 ## - PHYSICAL DESCRIPTION | |
| Pagination | ix, 143 p. ; |
| Illustrations | 23 cm. |
| 490 1# - SERIES STATEMENT | |
| Series statement | Monographs on Applied Probability and Statistics |
| 500 ## - GENERAL NOTE | |
| General note | Include index |
| 650 #0 - SUBJECT ADDED ENTRY--TOPICAL TERM | |
| Topical term or geographic name as entry element | Science (General). |
| 9 (RLIN) | 158376 |
| Topical term or geographic name as entry element | Mixture distributions (Probability theory) |
| 9 (RLIN) | 158377 |
| Topical term or geographic name as entry element | Science, general. |
| 9 (RLIN) | 158378 |
| 700 1# - ADDED ENTRY--PERSONAL NAME | |
| Personal name | Hand, D. J. |
| Relator term | author. |
| 710 2# - ADDED ENTRY--CORPORATE NAME | |
| Corporate name or jurisdiction name as entry element | SpringerLink (Online service) |
| 9 (RLIN) | 151347 |
| 773 0# - HOST ITEM ENTRY | |
| Title | Springer eBooks |
| Title | SpringerLink ebooks - Mathematics and Statistics (Archive) |
| 776 08 - ADDITIONAL PHYSICAL FORM ENTRY | |
| Relationship information | Printed edition: |
| International Standard Book Number | 9789400958999 |
| 830 #0 - SERIES ADDED ENTRY--UNIFORM TITLE | |
| Uniform title | Monographs on Applied Probability and Statistics |
| 856 40 - ELECTRONIC LOCATION AND ACCESS | |
| Uniform Resource Identifier | <a href="http://www.columbia.edu/cgi-bin/cul/resolve?clio11307552">http://www.columbia.edu/cgi-bin/cul/resolve?clio11307552</a> |
| Public note | Full text available from SpringerLink ebooks - Mathematics and Statistics (Archive) |
| 942 ## - ADDED ENTRY ELEMENTS (KOHA) | |
| Source of classification or shelving scheme | Dewey Decimal Classification |
| Koha item type | Books |
| Lost status | Source of classification or shelving scheme | Damaged status | Not for loan | Collection code | Permanent Location | Current Location | Shelving location | Date acquired | Source of acquisition | Total Checkouts | Full call number | Date last seen | Copy number | Koha item type | Cost, normal purchase price |
|---|---|---|---|---|---|---|---|---|---|---|---|---|---|---|---|
| Dewey Decimal Classification | Non-fiction | Central Library, University of Rajshahi | Central Library, University of Rajshahi | 15/09/2008 | Donation | 519.532 EVF 1981 | 02/10/2016 | C-2 | Books | ||||||
| Dewey Decimal Classification | Not For Loan | Non-fiction | Central Library, University of Rajshahi | Central Library, University of Rajshahi | Reading Room | 15/09/2008 | Donation | 519.532 EVF 1981 | 04/04/2017 | C-1 | Books | 0.00 |